00723 2200217 4500001002100000005001700021035002400038040001200062082001000074084001800084245014500102260009400247300003700341500001100378504003100389650002000420700002000440700001200460850001200472990002100484YOGYA00000000004519920170420101838.0 0010-081400000044917 aYOPDYOG a361.1 aDEP 361.1 Dam aDAMPAK pengembangan pariwisata terhadap kehidupan sosial budaya Daerah Istimewa Yogyakartac/ Gatut Murniatmo...[et.al]; penyunting, Tashadi aYogyakartabDEPDIKBUD Proyek Penelitian Pengkajian dan Pembinaan Nilai-nilai Budayac1993 axii, 166 hlm.b: ilus.c; 24 cm. aIndeks aBibliografi : hlm. 145-148 aSosial, masalah aGatut Murniatmo aTashadi aYOPDYOG aCB-D.11/1993-389